Reinforced Concrete Council (Record no. 119806)
[ view plain ]
| 000 -LEADER | |
|---|---|
| fixed length control field | 00981cam a2200205 4500 |
| 001 - CONTROL NUMBER | |
| control field | WS111031 |
| 008 - FIXED-LENGTH DATA ELEMENTS--GENERAL INFORMATION | |
| fixed length control field | 000000n 000 0 eng u |
| 035 ## - SYSTEM CONTROL NUMBER | |
| System control number | (Sirsi) u111031 |
| 110 ## - MAIN ENTRY--CORPORATE NAME | |
| Corporate name or jurisdiction name as entry element | Reinforced Concrete Council |
| 9 (RLIN) | 3339 |
| 245 ## - TITLE STATEMENT | |
| Title | Reinforced Concrete Council |
| 520 ## - SUMMARY, ETC. | |
| Summary, etc. | Site for this organisation which aims 'to promote knowledge and understanding of efficiency reinforced concrete design and construction'. Includes the latest news on reinforced concrete, details of research, pages on tilt-up construction and hybrid concrete construction, spreadsheets for use in design and the National Structural Concrete Specification for Building Construction. |
| 650 ## - SUBJECT ADDED ENTRY--TOPICAL TERM | |
| Topical term or geographic name entry element | ORGANISATION |
| 650 0# - SUBJECT ADDED ENTRY--TOPICAL TERM | |
| Topical term or geographic name entry element | REINFORCED CONCRETE |
| 650 ## - SUBJECT ADDED ENTRY--TOPICAL TERM | |
| Topical term or geographic name entry element | RESEARCH |
| 650 ## - SUBJECT ADDED ENTRY--TOPICAL TERM | |
| Topical term or geographic name entry element | TILT-UP CONSTRUCTION |
| 650 ## - SUBJECT ADDED ENTRY--TOPICAL TERM | |
| Topical term or geographic name entry element | SPECIFICATION |
| 690 ## - LOCAL SUBJECT ADDED ENTRY--TOPICAL TERM (OCLC, RLIN) | |
| Topical term or geographic name as entry element | BUILT ENVIRONMENT-BUILDING MATERIALS |
| 856 40 - ELECTRONIC LOCATION AND ACCESS | |
| Uniform Resource Identifier | <a href="https://www.rcc-info.org.uk">https://www.rcc-info.org.uk</a> |
| Public note | View the website free of charge at www.rcc-info.org.uk... |
| 942 ## - ADDED ENTRY ELEMENTS (KOHA) | |
| Suppress in OPAC | 0 |
| Withdrawn status | Lost status | Source of classification or shelving scheme | Damaged status | Not for loan | Home library | Current library | Shelving location | Date acquired | Total Checkouts | Full call number | Barcode | Date last seen | Copy number | Price effective from | Koha item type |
|---|---|---|---|---|---|---|---|---|---|---|---|---|---|---|---|
| Dewey Decimal Classification | Virtual | Virtual | Online | 20/02/2001 | WEB SITE | 111031-2001 | 06/08/2019 | 1 | 06/08/2019 | Online material |